Преобразование измерительных сигналов: учебное пособие

Bibliografiset tiedot
Päätekijä: Марков Б. Н. Борис Николаевич
Yhteenveto:Учебное пособие представляет собой базовый курс по преобразованиям измерительных сигналов. В первой части излагаются методы математического описания и анализа аналоговых сигналов. Вторая часть посвящена изложению способов реализации различных преобразований измерительных сигналов: их модуляции и детектирования, фильтрации, квантования и дискретизации, кодирования. Изложение сопровождается большим числом графиков, иллюстрирующих основные теоретические положения. Теоретические сведения дополняются примерами реализации излагаемых методов в системе компьютерной математики MATHCAD. Учебное пособие предназначено для студентов, обучающихся по специальности 190900 «Информационно-измерительная техника». Оно может быть полезным также и для преподавателей, аспирантов и всех тех, кто интересуется методами преобразования сигналов в измерительных системах.
Kieli:venäjä
Julkaistu: Старый Оскол, ТНТ, 2008
Aiheet:
Aineistotyyppi: MixedMaterials Kirja
KOHA link:https://koha.lib.tpu.ru/cgi-bin/koha/opac-detail.pl?biblionumber=138173

MARC

LEADER 00000nam0a2200000 4500
001 138173
005 20231101220727.0
010 |a 9785941781614 
035 |a (RuTPU)RU\TPU\book\149724 
090 |a 138173 
100 |a 20080521d2008 m y0rusy50 ca 
101 0 |a rus 
102 |a RU 
105 |a a j 001zy 
200 1 |a Преобразование измерительных сигналов  |e учебное пособие  |f Б. Н. Марков 
210 |a Старый Оскол  |c ТНТ  |d 2008 
215 |a 304 с.  |c ил. 
320 |a Список литературы: с. 302. 
330 |a Учебное пособие представляет собой базовый курс по преобразованиям измерительных сигналов. В первой части излагаются методы математического описания и анализа аналоговых сигналов. Вторая часть посвящена изложению способов реализации различных преобразований измерительных сигналов: их модуляции и детектирования, фильтрации, квантования и дискретизации, кодирования. Изложение сопровождается большим числом графиков, иллюстрирующих основные теоретические положения. Теоретические сведения дополняются примерами реализации излагаемых методов в системе компьютерной математики MATHCAD. Учебное пособие предназначено для студентов, обучающихся по специальности 190900 «Информационно-измерительная техника». Оно может быть полезным также и для преподавателей, аспирантов и всех тех, кто интересуется методами преобразования сигналов в измерительных системах. 
606 1 |a Сигналы измерительные  |2 stltpush  |3 (RuTPU)RU\TPU\subj\58928  |9 76610 
610 1 |a информационно-измерительная техника 
610 1 |a классификация 
610 1 |a преобразователи 
610 1 |a аналоговые сигналы 
610 1 |a математические методы 
610 1 |a корреляционный анализ 
610 1 |a случайные сигналы 
610 1 |a узкополосные сигналы 
610 1 |a обобщенные ряды Фурье 
610 1 |a модуляция 
610 1 |a детектирование 
610 1 |a аналоговая фильтрация 
610 1 |a дискретные сигналы 
610 1 |a кодирование 
610 1 |a лабораторные работы 
610 1 |a учебные пособия 
675 |a 621.391.08(075.8)  |v 3 
700 1 |a Марков  |b Б. Н.  |g Борис Николаевич 
801 1 |a RU  |b 63413507  |c 20080521  |g PSBO 
801 2 |a RU  |b 63413507  |c 20210608  |g PSBO 
900 |a Преобразование измерительных сигналов 
942 |c BK 
951 |b 151000  |b 220300 
959 |a 62/20080521  |d 2  |e 0  |f АНЛ:1  |f ЧЗТЛ:1